Stato dell'istruzione primaria nella provincia di Ravenna dell'anno scolastico 1861 e 1862. Relazione generale

Guardado en:
Detalles Bibliográficos
Autor principal: Presbitero, N..
Formato: Libro
Lenguaje:italiano
Publicado: Ravenna Tipografia Nazionale 1862
Catálogo:EDISCO:  Resultados de Búsqueda del Catálogo
Clasificación de libros de texto:
Etiquetas: Agregar Etiqueta
Sin Etiquetas, Sea el primero en etiquetar este registro!
Añadido a:2016-04-30
Cambiado en:2017-10-18

MARC

LEADER 00000aam a22000007 4500
001 04353
003 OSt
005 20171018094114.0
008 160501s1862 it 000 0 ita
040 |c Gianfranco Bandini - Firenze - CLIO 
041 1 |a ita 
100 1 |a Presbitero, N.. 
245 0 0 |a Stato dell'istruzione primaria nella provincia di Ravenna dell'anno scolastico 1861 e 1862. Relazione generale 
260 |a Ravenna  |b Tipografia Nazionale  |c 1862 
300 |a 13, [1], 1/x ;  
901 |a 7 
942 |2 ddc  |c BK 
546 |a ita 
999 |c 4342  |d 4342 
999 |c edisco:4342  |d 4342